000
00257nam a2200109Ia 4500
008
200302s9999 xx 000 0 und d
100
_a
Bodo Cichy
245
_a
The Great ages of Architecture
260
_b
Oldbourne Press
260
_c
1964
300
_a
440 P.,
999
_c
2402
_d
2402